000 00593nam a2200205 4500
003 OSt
005 20260601171001.0
008 260507b1973\\\\||||||||\||||\00|\0\spa\d
040 _aICI
_bspa
_cICI
050 _aQ127.2
_bJ635
100 1 _aGraham, Jones
_931506
245 1 _aCiencia y la Tecnología en los países en desarrollo
264 _bFondo de Cultura Económica
_c1973
_aMéxico
300 _a210 páginas
336 _atexto
_2rdacontent
337 _asin medio
_2rdamedia
338 _avolumen
_2rdacarrier
650 _aCiencia
_zPaíses en desarrollo
_931507
942 _2lcc
_cB
_n1
999 _c20093
_d20093